[Event "25th European Teams"]
[Site "Batumi GEO"]
[Date "2025.10.05"]
[Round "1.1"]
[Board "1"]
[White "Keymer, Vincent"]
[Black "Bjerre, Jonas Buhl"]
[Result "1/2-1/2"]
[WhiteTitle "GM"]
[BlackTitle "GM"]
[WhiteElo "2755"]
[BlackElo "2629"]
[WhiteTeam "Germany"]
[BlackTeam "Denmark"]
[WhiteFideId "12940690"]
[BlackFideId "1444948"]
[EventDate "2025.10.05"]

1. d4 Nf6 2. c4 e6 3. Nf3 Bb4+ 4. Nbd2 a5 5. a3 Be7 6. b3 O-O 7. Bb2 c5 8. e3 b6
9. Bd3 cxd4 10. Nxd4 Na6 11. e4 Nc5 12. Bc2 d5 13. e5 Nfe4 14. Nxe4 dxe4 15. O-O
Bb7 16. Qg4 Qb8 17. Nb5 f5 18. exf6 Bxf6 19. Bxf6 Rxf6 20. Qg3 Qf8 21. Qd6 Rd8
22. Qxf8+ Rfxf8 23. Rad1 e5 24. Rxd8 Rxd8 25. Rd1 Rxd1+ 26. Bxd1 Kf8 27. b4 axb4
28. axb4 Nd3 29. Nd6 Bc6 30. b5 Bd7 31. Nxe4 Bf5 32. Nd2 Ke7 33. Bc2 Kd6 34. h4
h6 35. Nb3 Nc5 36. Bxf5 Nxb3 37. Kh2 Nd2 38. Bd3 Kc5 39. Kg3 Kd4 40. Bg6 Nxc4
41. Be8 Nd6 42. Bd7 Ne4+ 43. Kf3 Nf6 44. Bc6 Kd3 45. Bb7 g5 46. hxg5 hxg5 47.
Bc6 Kd2 48. Bb7 Kd3 49. Bc6 Kd2 50. Bb7 Kd3 1/2-1/2

[Event "25th European Teams"]
[Site "Batumi GEO"]
[Date "2025.10.05"]
[Round "1.1"]
[Board "2"]
[White "Thybo, Jesper Sondergaard"]
[Black "Svane, Rasmus"]
[Result "1/2-1/2"]
[WhiteTitle "GM"]
[BlackTitle "GM"]
[WhiteElo "2578"]
[BlackElo "2614"]
[WhiteTeam "Denmark"]
[BlackTeam "Germany"]
[WhiteFideId "1438832"]
[BlackFideId "4657101"]
[EventDate "2025.10.05"]

1. d4 Nf6 2. c4 e6 3. Nf3 d5 4. g3 Be7 5. Bg2 O-O 6. O-O dxc4 7. Qc2 a6 8. a4
Bd7 9. Qxc4 Bc6 10. Bg5 Bd5 11. Qc2 Be4 12. Qc1 Nc6 13. e3 h6 14. Bxf6 Bxf6 15.
Nbd2 Bd3 16. Rd1 Nb4 17. Nc4 Bc2 18. Rf1 Bd3 19. Rd1 Bc2 20. Rf1 Bd3 1/2-1/2

[Event "25th European Teams"]
[Site "Batumi GEO"]
[Date "2025.10.05"]
[Round "1.1"]
[Board "3"]
[White "Kollars, Dmitrij"]
[Black "Andersen, Mads"]
[Result "0-1"]
[WhiteTitle "GM"]
[BlackTitle "GM"]
[WhiteElo "2642"]
[BlackElo "2556"]
[WhiteTeam "Germany"]
[BlackTeam "Denmark"]
[WhiteFideId "12909572"]
[BlackFideId "1413864"]
[EventDate "2025.10.05"]

1. e4 e5 2. Nf3 Nf6 3. d4 Nxe4 4. Bd3 d5 5. Nxe5 Bd6 6. O-O O-O 7. c4 c5 8. cxd5
Nf6 9. Bg5 cxd4 10. Re1 h6 11. Bh4 Re8 12. Nc4 Rxe1+ 13. Qxe1 Bf8 14. Bxf6 Qxf6
15. Nbd2 Na6 16. Ne4 Qd8 17. d6 Be6 18. Rd1 Rc8 19. b3 b5 20. Na3 Nc5 21. Nxb5
Nxd3 22. Rxd3 Qa5 23. Qd1 Qxb5 24. Rxd4 Qe5 25. h3 Rc1 26. Qxc1 Qxd4 27. Nc5
Qxd6 28. Nxe6 Qxe6 29. Qd2 Qc6 30. h4 h5 31. g3 g6 32. Qe2 Qd5 33. Kh2 a5 34.
Kg1 Bb4 35. Qe8+ Kg7 36. Qe2 Qd2 37. Qe5+ Kg8 38. Qe8+ Bf8 39. Qa4 Qc1+ 0-1

[Event "25th European Teams"]
[Site "Batumi GEO"]
[Date "2025.10.05"]
[Round "1.1"]
[Board "4"]
[White "Ochsner, Bjorn Moller"]
[Black "Svane, Frederik"]
[Result "1/2-1/2"]
[WhiteTitle "GM"]
[BlackTitle "GM"]
[WhiteElo "2461"]
[BlackElo "2638"]
[WhiteTeam "Denmark"]
[BlackTeam "Germany"]
[WhiteFideId "1416928"]
[BlackFideId "12923044"]
[EventDate "2025.10.05"]

1. e4 c5 2. Nf3 d6 3. d4 cxd4 4. Nxd4 Nf6 5. Nc3 a6 6. Be3 e5 7. Nf3 Be7 8. Bc4
O-O 9. O-O Nc6 10. Re1 b5 11. Bf1 Be6 12. a4 b4 13. Nd5 Nxe4 14. Bb6 Qb8 15. a5
Nf6 16. Nc7 Qb7 17. Nxa8 Rxa8 18. Ng5 Bd7 19. Bc4 d5 20. Bb3 Bg4 21. f3 Be6 22.
f4 Bd8 23. Bxd8 Rxd8 24. Nxe6 fxe6 25. fxe5 Qa7+ 26. Kh1 Ne4 27. Rxe4 dxe4 28.
Qg4 Qd4 29. h3 Kh8 30. Re1 Nxa5 31. Bxe6 Qxe5 32. Qxe4 Qxb2 33. Bc4 Qf6 34. Bxa6
g6 35. Bd3 b3 36. cxb3 Nxb3 37. Bc4 Nd2 38. Qe6 Qxe6 39. Bxe6 Re8 40. Kg1 Nb3
41. Kf2 Nc5 42. Bc4 Ne4+ 43. Kg1 Nd6 1/2-1/2

[Event "25th European Teams"]
[Site "Batumi GEO"]
[Date "2025.10.05"]
[Round "1.2"]
[Board "1"]
[White "Naiditsch, Arkadij"]
[Black "Giri, Anish"]
[Result "0-1"]
[WhiteTitle "GM"]
[BlackTitle "GM"]
[WhiteElo "2587"]
[BlackElo "2759"]
[WhiteTeam "Bulgaria"]
[BlackTeam "Netherlands"]
[WhiteFideId "4650891"]
[BlackFideId "24116068"]
[EventDate "2025.10.05"]

1. e4 c5 2. Nf3 d6 3. d4 cxd4 4. Nxd4 Nf6 5. Nc3 a6 6. Bg5 Nbd7 7. Qe2 h6 8. Bh4
g6 9. f4 e5 10. fxe5 dxe5 11. O-O-O Bg7 12. Nf3 Qa5 13. Kb1 O-O 14. Nd5 Nxd5 15.
Rxd5 b5 16. Qe3 Nb6 17. Rxe5 Na4 18. Be1 Qd8 19. Rd5 Qe7 20. e5 Bb7 21. Rd1 Rad8
22. Be2 Rxd1+ 23. Bxd1 Re8 24. Rf1 Bd5 25. a3 Qc7 26. Qf2 Qc4 27. b3 Nc3+ 28.
Bxc3 Qxc3 29. Qe1 Qc7 30. Qd2 Rd8 31. Qe3 a5 32. Be2 Rc8 33. Rc1 b4 34. a4 Bxf3
35. gxf3 Bxe5 36. Ba6 Rd8 37. Bc4 Bf4 38. Qe4 Bxc1 0-1

[Event "25th European Teams"]
[Site "Batumi GEO"]
[Date "2025.10.05"]
[Round "1.2"]
[Board "2"]
[White "Van Foreest, Jorden"]
[Black "Petrov, Martin"]
[Result "1-0"]
[WhiteTitle "GM"]
[BlackTitle "GM"]
[WhiteElo "2697"]
[BlackElo "2540"]
[WhiteTeam "Netherlands"]
[BlackTeam "Bulgaria"]
[WhiteFideId "1039784"]
[BlackFideId "2911086"]
[EventDate "2025.10.05"]

1. d4 Nf6 2. g3 e6 3. Bg2 d5 4. Nf3 b5 5. O-O Be7 6. a4 b4 7. c4 bxc3 8. Nxc3 a5
9. Bf4 O-O 10. Ne5 Nfd7 11. Nd3 c6 12. e4 Ba6 13. Re1 Ra7 14. b3 Rb7 15. Rb1 Bf6
16. Ne2 Re8 17. Qc2 Qb6 18. Be3 Be7 19. Nef4 Bf8 20. h4 Qd8 21. Bd2 dxe4 22.
Bxe4 Nf6 23. Bg2 Nd5 24. Nc5 Nb4 25. Bxb4 Rxb4 26. Nxa6 Nxa6 27. Bxc6 Re7 28. d5
Rb6 29. Rbd1 Nb4 30. Qc4 Nxc6 31. dxe6 Qb8 32. Nd5 fxe6 33. Nxb6 Qxb6 34. Rxe6
Rf7 35. Rf1 Bc5 36. Kh2 Kf8 37. Qd5 Rf6 38. Rxf6+ gxf6 39. Rc1 Be7 40. Qxc6
Qxf2+ 41. Kh3 1-0

[Event "25th European Teams"]
[Site "Batumi GEO"]
[Date "2025.10.05"]
[Round "1.2"]
[Board "3"]
[White "Petkov, Momchil"]
[Black "Warmerdam, Max"]
[Result "1/2-1/2"]
[WhiteTitle "GM"]
[BlackTitle "GM"]
[WhiteElo "2509"]
[BlackElo "2582"]
[WhiteTeam "Bulgaria"]
[BlackTeam "Netherlands"]
[WhiteFideId "2921642"]
[BlackFideId "1048104"]
[EventDate "2025.10.05"]

1. e4 e5 2. Nf3 Nc6 3. Bb5 a6 4. Ba4 Nf6 5. O-O Be7 6. d3 b5 7. Bb3 d6 8. c3 O-O
9. h3 Na5 10. Bc2 c5 11. Be3 Re8 12. Nbd2 h6 13. a3 Nc6 14. b4 Be6 15. bxc5 dxc5
16. a4 b4 17. cxb4 cxb4 18. a5 Nd7 19. Ba4 Nxa5 20. Nxe5 Nxe5 21. Bxe8 b3 22. d4
b2 23. dxe5 bxa1=Q 24. Qxa1 Bb4 25. Ba4 Bxd2 26. Rd1 Nc4 27. Bxd2 Nxd2 28. Qc3
Rc8 29. Qxd2 Qxd2 30. Rxd2 Rc4 31. Bd7 Bxd7 32. Rxd7 Rxe4 33. Ra7 Rxe5 34. Rxa6 1/2-1/2

[Event "25th European Teams"]
[Site "Batumi GEO"]
[Date "2025.10.05"]
[Round "1.2"]
[Board "4"]
[White "L'Ami, Erwin"]
[Black "Dimitrov, Radoslav"]
[Result "1-0"]
[WhiteTitle "GM"]
[BlackTitle "GM"]
[WhiteElo "2615"]
[BlackElo "2496"]
[WhiteTeam "Netherlands"]
[BlackTeam "Bulgaria"]
[WhiteFideId "1007998"]
[BlackFideId "2908549"]
[EventDate "2025.10.05"]

1. e4 c5 2. Nf3 e6 3. d4 cxd4 4. Nxd4 a6 5. Bd3 Bc5 6. Nb3 Ba7 7. Bf4 Nc6 8. Nc3
e5 9. Bg3 d6 10. Qd2 Be6 11. O-O-O Qd7 12. f4 Nge7 13. f5 Bxb3 14. axb3 f6 15.
Bc4 Nd4 16. Bf2 b5 17. Bd5 Rd8 18. Bxd4 Bxd4 19. Be6 Qa7 20. Qe2 g6 21. Rhf1 Rf8
22. Rd3 Nc6 23. Nd5 Ne7 24. Rh3 Nxd5 25. Bxd5 Qg7 26. Qg4 Rb8 27. c3 Bb6 28.
fxg6 hxg6 29. Qe6+ Qe7 30. Rxf6 1-0

[Event "25th European Teams"]
[Site "Batumi GEO"]
[Date "2025.10.05"]
[Round "1.3"]
[Board "1"]
[White "Leko, Peter"]
[Black "Mchedlishvili, Mikheil"]
[Result "1/2-1/2"]
[WhiteTitle "GM"]
[BlackTitle "GM"]
[WhiteElo "2666"]
[BlackElo "2562"]
[WhiteTeam "Hungary"]
[BlackTeam "Georgia 1"]
[WhiteFideId "703303"]
[BlackFideId "13600966"]
[EventDate "2025.10.05"]

1. e4 e5 2. Nf3 Nc6 3. Bb5 a6 4. Ba4 Nf6 5. O-O Nxe4 6. d4 b5 7. Bb3 d5 8. dxe5
Be6 9. c3 Be7 10. Nbd2 Nc5 11. Bc2 d4 12. Nb3 d3 13. Bb1 Nxb3 14. axb3 Bf5 15.
Be3 O-O 16. Bd4 Qd5 17. Re1 Rfd8 18. Re3 Nxd4 19. cxd4 c5 20. Bxd3 cxd4 21. Re2
Bxd3 22. Qxd3 h6 23. h3 Qe6 24. Re4 Rac8 25. Kh2 Bc5 26. g3 Rc6 27. Kg2 Ba7 28.
Rae1 Qd5 29. Nh4 Re8 30. Kh2 a5 31. Ng2 a4 32. bxa4 bxa4 33. Nf4 Qb3 34. Qxb3
axb3 35. Nd3 Rc2 36. R4e2 f6 37. f4 fxe5 38. fxe5 Bb6 39. Rg2 Kf8 40. Ra1 Bc7
41. Ra3 Bxe5 42. Rxb3 Rxg2+ 43. Kxg2 Bf6 44. Nf2 Re1 45. Rb7 Be5 46. Nd3 Re3 47.
Nxe5 Rxe5 48. Rd7 Re2+ 49. Kf3 1/2-1/2

[Event "25th European Teams"]
[Site "Batumi GEO"]
[Date "2025.10.05"]
[Round "1.3"]
[Board "2"]
[White "Kacharava, Nikolozi"]
[Black "Banusz, Tamas"]
[Result "1/2-1/2"]
[WhiteTitle "GM"]
[BlackTitle "GM"]
[WhiteElo "2486"]
[BlackElo "2588"]
[WhiteTeam "Georgia 1"]
[BlackTeam "Hungary"]
[WhiteFideId "13611860"]
[BlackFideId "722413"]
[EventDate "2025.10.05"]

1. e4 c5 2. Nf3 Nc6 3. Bb5 d6 4. O-O Bd7 5. Re1 a6 6. Bf1 e5 7. c3 Be7 8. h3 g5
9. d4 h5 10. dxc5 dxc5 11. Bc4 g4 12. Qd5 Rh7 13. Nxe5 Nxe5 14. Qxe5 gxh3 15.
Be3 Qb6 16. Nd2 Qg6 17. Qg3 Qxg3 18. fxg3 Rg7 19. Bf4 Bg5 20. Bxg5 Rxg5 21. Kf2
hxg2 22. Nf3 Rg7 23. Kxg2 O-O-O 24. Rad1 b5 25. Bd5 Nf6 26. Kf2 Rdg8 27. Rg1
Ng4+ 28. Ke2 Re8 29. Rge1 f5 30. e5 Nxe5 31. Nxe5 Rxe5+ 32. Kf2 Rxe1 33. Rxe1
Rg4 34. Bf3 Ra4 35. a3 b4 36. Re5 bxa3 37. Rxc5+ Kd8 38. bxa3 Ke7 39. Bc6 Bxc6
40. Rxc6 Rxa3 41. Ke3 a5 42. Kd4 Ra1 43. Rh6 a4 44. Rxh5 a3 45. Kc4 Kf6 46. Kb3
a2 47. Rh2 Rg1 48. Rxa2 Rxg3 49. Kc4 Ke5 1/2-1/2

[Event "25th European Teams"]
[Site "Batumi GEO"]
[Date "2025.10.05"]
[Round "1.3"]
[Board "3"]
[White "Sjugirov, Sanan"]
[Black "Jobava, Baadur"]
[Result "0-1"]
[WhiteTitle "GM"]
[BlackTitle "GM"]
[WhiteElo "2632"]
[BlackElo "2573"]
[WhiteTeam "Hungary"]
[BlackTeam "Georgia 1"]
[WhiteFideId "4189302"]
[BlackFideId "13601520"]
[EventDate "2025.10.05"]

1. d4 Nf6 2. c4 c5 3. d5 g6 4. Nc3 Bg7 5. e4 O-O 6. Nf3 d6 7. Be2 e6 8. O-O exd5
9. exd5 Bg4 10. Bf4 Ne8 11. Bg5 f6 12. Bd2 Nd7 13. Re1 Bxf3 14. Bxf3 f5 15. Be2
g5 16. f4 gxf4 17. Bxf4 Be5 18. Rf1 Ng7 19. Qd2 Qf6 20. Kh1 Rae8 21. g3 Rf7 22.
Bh6 Bxc3 23. bxc3 Rxe2 24. Qxe2 Qxh6 25. Rf4 Ne5 26. Raf1 Re7 27. R4f2 Qg5 28.
Re1 b6 29. a4 h6 30. Rff1 Kh7 31. Rf2 Ng6 32. Qf1 Rxe1 33. Qxe1 Ne5 34. Qf1 Qe3 0-1

[Event "25th European Teams"]
[Site "Batumi GEO"]
[Date "2025.10.05"]
[Round "1.3"]
[Board "4"]
[White "Paichadze, Luka"]
[Black "Gledura, Benjamin"]
[Result "1/2-1/2"]
[WhiteTitle "GM"]
[BlackTitle "GM"]
[WhiteElo "2502"]
[BlackElo "2643"]
[WhiteTeam "Georgia 1"]
[BlackTeam "Hungary"]
[WhiteFideId "13602934"]
[BlackFideId "712779"]
[EventDate "2025.10.05"]

1. e4 c5 2. c3 Nf6 3. e5 Nd5 4. Nf3 d6 5. d4 cxd4 6. Qxd4 e6 7. exd6 Nc6 8. Bb5
Bd7 9. Bxc6 Bxc6 10. Ne5 Qxd6 11. O-O f6 12. Nxc6 Qxc6 13. Qg4 Kf7 14. Nd2 h5
15. Qf3 Ne7 16. Ne4 Nf5 17. h3 Be7 18. Re1 g6 19. Be3 Kg7 20. Rad1 Nxe3 21. Qxe3
Rad8 22. Nd2 e5 23. Nb3 Qb6 24. Qxb6 axb6 25. Kf1 Kf7 26. Ke2 Ke6 27. f4 Rxd1
28. Kxd1 Rd8+ 29. Kc2 Bd6 30. Nd2 Kf5 31. fxe5 Bxe5 32. Rf1+ Ke6 33. a4 g5 34.
Re1 Kf7 35. Re4 Bf4 36. Nf3 Rd6 37. Rd4 Rxd4 38. Nxd4 Kg6 39. g4 hxg4 40. hxg4
Be5 41. Nf5 Kf7 42. Kd3 Ke6 43. Ke4 Bf4 44. Nd4+ Kd6 45. Kf5 Kd5 46. Kxf6 Bc1
47. b3 Ke4 48. Ke6 Bd2 49. Kd7 Kd3 50. Nb5 Kc2 51. Kc7 Kxb3 52. Kxb7 Be3 53. Nc7
Kxa4 54. Nd5 Bg1 55. Nxb6+ Kb3 56. Nd5 Kc4 57. Kc6 Bh2 58. Nf6 Kxc3 59. Kd5 Kd3
60. Ke6 Bf4 61. Kf5 Bc1 62. Ne4 Ke3 63. Nxg5 Kf2 1/2-1/2

[Event "25th European Teams"]
[Site "Batumi GEO"]
[Date "2025.10.05"]
[Round "1.4"]
[Board "1"]
[White "Pechac, Jergus"]
[Black "Mamedyarov, Shakhriyar"]
[Result "0-1"]
[WhiteTitle "GM"]
[BlackTitle "GM"]
[WhiteElo "2539"]
[BlackElo "2742"]
[WhiteTeam "Slovakia"]
[BlackTeam "Azerbaijan"]
[WhiteFideId "14926970"]
[BlackFideId "13401319"]
[EventDate "2025.10.05"]

1. d4 d5 2. c4 e6 3. Nf3 Nf6 4. Nc3 c6 5. Qb3 h6 6. e3 Nbd7 7. Bd3 Bd6 8. O-O
O-O 9. Rd1 Qe7 10. e4 dxe4 11. Nxe4 Nxe4 12. Bxe4 c5 13. Bc2 Nf6 14. dxc5 Bxc5
15. Be3 b6 16. Ne5 Bb7 17. Bxc5 Qxc5 18. Qg3 Rfd8 19. b3 Rac8 20. h3 Qa5 21.
Rxd8+ Rxd8 22. Ng4 Nxg4 23. Qc7 Rf8 24. Qxb7 Qc3 25. Rf1 Qxc2 26. hxg4 Qxa2 27.
Qf3 Rd8 28. Rd1 Rxd1+ 29. Qxd1 Qb2 30. g3 g6 31. Qd3 Qe5 32. Kg2 Qc5 33. Qe4 a5
34. Kg1 Kf8 35. Qa8+ Kg7 36. Qe4 e5 37. Kf1 Kf6 38. Ke2 Ke6 39. Qa8 Qd4 40. f4
Ke7 41. Qb7+ Kf6 42. Qb8 Qe4+ 43. Kf2 exf4 44. Qxb6+ Kg7 45. gxf4 Qxf4+ 46. Ke1
Qc1+ 0-1

[Event "25th European Teams"]
[Site "Batumi GEO"]
[Date "2025.10.05"]
[Round "1.4"]
[Board "2"]
[White "Mamedov, Rauf"]
[Black "Gazik, Viktor"]
[Result "1/2-1/2"]
[WhiteTitle "GM"]
[BlackTitle "GM"]
[WhiteElo "2655"]
[BlackElo "2556"]
[WhiteTeam "Azerbaijan"]
[BlackTeam "Slovakia"]
[WhiteFideId "13401653"]
[BlackFideId "14928752"]
[EventDate "2025.10.05"]

1. e4 c5 2. Nf3 d6 3. d4 cxd4 4. Nxd4 Nf6 5. Nc3 Nc6 6. Bg5 e6 7. Qd2 a6 8.
O-O-O Bd7 9. Nxc6 Bxc6 10. f3 Be7 11. Kb1 b5 12. h4 h6 13. Be3 h5 14. Ne2 Rc8
15. Nd4 Bb7 16. Nb3 Qc7 17. Bd3 Nd7 18. Qf2 d5 19. exd5 Bxd5 20. Rhe1 Ne5 21.
Bf1 O-O 22. Bb6 Qd6 23. Bc5 Rxc5 24. Qxc5 Qxc5 25. Nxc5 Nxf3 26. gxf3 Bxc5 27.
Re5 g6 28. c4 f6 29. Rexd5 exd5 30. cxb5 axb5 31. Rxd5 Bf2 32. Rxb5 Bxh4 33. a4
Re8 34. Kc2 Re1 35. Bd3 Kg7 36. a5 Bf2 37. Rb7+ Kh6 38. a6 h4 39. Rb8 Kg5 40. b4
f5 41. b5 Ra1 42. b6 Bxb6 43. Rxb6 h3 44. f4+ Kxf4 45. Rxg6 h2 46. Rh6 h1=Q 47.
Rxh1 Rxh1 48. Kc3 Rd1 49. Bb5 Rb1 50. Kc4 Ke5 51. Kc5 f4 52. a7 Ra1 53. Kb6 Rxa7 1/2-1/2

[Event "25th European Teams"]
[Site "Batumi GEO"]
[Date "2025.10.05"]
[Round "1.4"]
[Board "3"]
[White "Sahidi, Samir"]
[Black "Safarli, Eltaj"]
[Result "1/2-1/2"]
[WhiteTitle "IM"]
[BlackTitle "GM"]
[WhiteElo "2490"]
[BlackElo "2630"]
[WhiteTeam "Slovakia"]
[BlackTeam "Azerbaijan"]
[WhiteFideId "14936372"]
[BlackFideId "13402129"]
[EventDate "2025.10.05"]

1. e4 c5 2. Nf3 Nc6 3. Bb5 e6 4. O-O Nge7 5. c3 a6 6. Ba4 b5 7. Bc2 Bb7 8. Re1
Rc8 9. d3 Ng6 10. Be3 Be7 11. Nbd2 O-O 12. Rc1 d5 13. Nb3 dxe4 14. dxe4 Nce5 15.
Nxe5 Nxe5 16. Qxd8 Rfxd8 17. Rcd1 Rxd1 18. Rxd1 g5 19. f3 Nc4 20. Bc1 Bc6 21.
Kf2 Kf8 22. Nd2 Ne5 23. Nb3 Ke8 24. Ke2 h5 25. h3 h4 26. Kf2 Bd7 27. Na5 Rb8 28.
f4 gxf4 29. Bxf4 f6 30. Nb3 c4 31. Nd4 b4 32. Bc1 bxc3 33. bxc3 Bc5 34. Ke2 Ke7
35. Be3 Rb2 36. Rd2 Bd6 37. Bd1 Rb1 38. Bf4 Bc7 39. Nf3 Nxf3 40. Kxf3 Ba5 41.
Be2 Bxc3 42. Rc2 Bd4 43. Bxc4 a5 44. Bd2 Ba4 45. Rc1 Bd1+ 46. Kf4 Rxc1 47. Bxc1
a4 48. Ba3+ Kf7 49. Bb4 Bf2 50. Bc3 Ke7 51. Bb4+ Kf7 52. Bc3 Ke7 53. e5 Bg3+ 54.
Ke4 Bc2+ 55. Bd3 Bxd3+ 56. Kxd3 fxe5 57. Ke4 Kd6 58. Bb4+ Kc6 59. Be7 Kb5 1/2-1/2

[Event "25th European Teams"]
[Site "Batumi GEO"]
[Date "2025.10.05"]
[Round "1.4"]
[Board "4"]
[White "Suleymanli, Aydin"]
[Black "Haring, Filip"]
[Result "1-0"]
[WhiteTitle "GM"]
[BlackTitle "IM"]
[WhiteElo "2614"]
[BlackElo "2479"]
[WhiteTeam "Azerbaijan"]
[BlackTeam "Slovakia"]
[WhiteFideId "13413937"]
[BlackFideId "14933080"]
[EventDate "2025.10.05"]

1. c4 c5 2. Nc3 Nf6 3. Nf3 Nc6 4. e3 g6 5. d4 cxd4 6. exd4 d5 7. cxd5 Nxd5 8.
Qb3 Nxc3 9. Bc4 Nd5 10. Bxd5 e6 11. Bxc6+ bxc6 12. O-O Qd5 13. Be3 f6 14. Rfc1
Be7 15. Nd2 Kf7 16. Qxd5 cxd5 17. Rc7 Rd8 18. Nb3 Rd7 19. Rac1 Rxc7 20. Rxc7 Ke8
21. Bd2 h5 22. Nc5 e5 23. Bc3 Bf5 24. Nb3 Kd8 25. Rb7 Bd7 26. dxe5 Kc8 27. exf6
Kxb7 28. fxe7 Kc6 29. Bb4 d4 30. Nxd4+ Kd5 31. Ne2 a5 32. Ba3 Bf5 33. h4 Ke5 34.
f3 Be6 35. Nc3 Bd7 36. Kf2 Bc6 37. Bc5 Rb8 38. b3 Bd7 39. Ne4 Rc8 40. Ke3 Ke6
41. Kd4 Bc6 42. a3 Bxe4 43. Kxe4 Kd7 44. Kd5 Rg8 45. Ke5 Rc8 46. b4 axb4 47.
axb4 Rc6 48. Kd5 Rf6 49. b5 Rf5+ 50. Kc4 Rf4+ 51. Kc3 Rf5 52. Kb4 Re5 53. b6 Kc6
54. g4 hxg4 55. fxg4 Re4+ 56. Kc3 Re1 57. Kd2 Re6 58. h5 gxh5 59. gxh5 Kd5 1-0

[Event "25th European Teams"]
[Site "Batumi GEO"]
[Date "2025.10.05"]
[Round "1.5"]
[Board "1"]
[White "Vitiugov, Nikita"]
[Black "Grandelius, Nils"]
[Result "1/2-1/2"]
[WhiteTitle "GM"]
[BlackTitle "GM"]
[WhiteElo "2654"]
[BlackElo "2645"]
[WhiteTeam "England"]
[BlackTeam "Sweden"]
[WhiteFideId "4152956"]
[BlackFideId "1710400"]
[EventDate "2025.10.05"]

1. Nf3 Nf6 2. b3 d5 3. Bb2 e6 4. e3 Bd6 5. c4 O-O 6. Be2 b6 7. O-O Bb7 8. cxd5
Nxd5 9. Na3 Nd7 10. Nc4 Be7 11. d4 c5 12. Qd2 cxd4 13. Nxd4 Bb4 14. Qd3 Qg5 15.
Nf3 Qg6 16. a3 Qxd3 17. Bxd3 Be7 18. Rfd1 Rfd8 19. Rac1 Nc5 20. Bc2 Bf6 21. Bxf6
Nxf6 22. b4 Nce4 23. Nd4 Kf8 24. Bd3 Rac8 25. f3 Nd6 26. Nxd6 Rxd6 27. Rxc8+
Bxc8 28. Rc1 Bd7 29. Ba6 b5 30. Bc8 Be8 31. Rc5 Nd5 32. Kf2 Rb6 33. e4 Nf4 34.
Rc7 Rd6 35. g3 Nd3+ 36. Ke3 Ne5 37. f4 Nc4+ 38. Kd3 Nb2+ 39. Kc3 Nd1+ 40. Kd3
Nb2+ 41. Kc3 Nd1+ 42. Kd3 Nf2+ 43. Ke3 Ng4+ 44. Kd3 Nf2+ 45. Ke3 Ng4+ 46. Kd3
Nf2+ 1/2-1/2

[Event "25th European Teams"]
[Site "Batumi GEO"]
[Date "2025.10.05"]
[Round "1.5"]
[Board "2"]
[White "Seo, Jung Min"]
[Black "Adams, Michael"]
[Result "1/2-1/2"]
[WhiteTitle "IM"]
[BlackTitle "GM"]
[WhiteElo "2483"]
[BlackElo "2646"]
[WhiteTeam "Sweden"]
[BlackTeam "England"]
[WhiteFideId "1734687"]
[BlackFideId "400041"]
[EventDate "2025.10.05"]

1. e4 e5 2. Nf3 Nc6 3. Bb5 a6 4. Ba4 Nf6 5. O-O Be7 6. Re1 b5 7. Bb3 O-O 8. a4
Rb8 9. axb5 axb5 10. d3 d6 11. c3 b4 12. Nbd2 bxc3 13. bxc3 d5 14. Ba4 dxe4 15.
dxe4 Ra8 16. Ba3 Ra6 17. Bxe7 Qxe7 18. Qe2 Qc5 19. Nb3 Qe7 20. Bb5 Rb6 21. Nbd2
Be6 22. Bc4 Rfb8 23. Bxe6 Qxe6 24. h3 h6 25. Qc4 Qxc4 26. Nxc4 Rb5 27. Nfd2 Rc5
28. Ra4 Nd7 29. Kf1 Kf8 30. Rea1 Ke7 31. Ke2 g6 32. Ra8 Rxa8 33. Rxa8 Nd8 34. g3
h5 35. h4 Ne6 36. Ra3 Rb5 37. Rb3 Rxb3 38. Nxb3 Nec5 39. Nxc5 Nxc5 40. Ke3 Ke6
41. Nd2 Na4 42. Kd3 Nc5+ 43. Ke3 Na4 44. Kd3 Nc5+ 1/2-1/2

[Event "25th European Teams"]
[Site "Batumi GEO"]
[Date "2025.10.05"]
[Round "1.5"]
[Board "3"]
[White "Maroroa Jones, Gawain C B"]
[Black "Trost, Edvin"]
[Result "1-0"]
[WhiteTitle "GM"]
[BlackTitle "IM"]
[WhiteElo "2643"]
[BlackElo "2457"]
[WhiteTeam "England"]
[BlackTeam "Sweden"]
[WhiteFideId "409561"]
[BlackFideId "1729519"]
[EventDate "2025.10.05"]

1. e4 c5 2. Nf3 Nc6 3. c3 Nf6 4. e5 Nd5 5. Bc4 Nb6 6. Bb3 d5 7. exd6 Qxd6 8. O-O
c4 9. Bc2 Bg4 10. Re1 Ne5 11. Rxe5 Bxf3 12. Qe1 Bc6 13. b3 g6 14. Ba3 Qc7 15.
Be4 e6 16. Bxf8 Kxf8 17. Bxc6 Qxc6 18. Qe3 Qd6 19. Re4 cxb3 20. axb3 Kg7 21. c4
Nd7 22. Rxa7 Rxa7 23. Qxa7 Qd3 24. Re1 Qxb3 25. Qd4+ Nf6 26. Nc3 Qa3 27. Ne4 Qe7
28. Qe5 h5 29. Re3 Rc8 30. d3 Qd8 31. h3 1-0

[Event "25th European Teams"]
[Site "Batumi GEO"]
[Date "2025.10.05"]
[Round "1.5"]
[Board "4"]
[White "Pantzar, Milton"]
[Black "Royal, Shreyas"]
[Result "1/2-1/2"]
[WhiteTitle "IM"]
[BlackTitle "GM"]
[WhiteElo "2433"]
[BlackElo "2501"]
[WhiteTeam "Sweden"]
[BlackTeam "England"]
[WhiteFideId "1721003"]
[BlackFideId "448869"]
[EventDate "2025.10.05"]

1. d4 Nf6 2. c4 e6 3. Nf3 d5 4. g3 Bb4+ 5. Bd2 a5 6. Bg2 O-O 7. Qc2 Be7 8. O-O
c6 9. Bf4 Nbd7 10. h4 h6 11. Nbd2 Nh5 12. e3 Nxf4 13. exf4 b6 14. Rfe1 Bb7 15.
f5 exf5 16. cxd5 c5 17. Qxf5 Nf6 18. Ne5 Bxd5 19. Nc6 Bxc6 20. Bxc6 Ra7 21. d5
Ne8 22. Nc4 Nd6 23. Nxd6 Qxd6 24. a4 Bf6 25. Re2 Re7 26. Rae1 g6 27. Qf3 Rxe2
28. Rxe2 h5 29. Kg2 Rd8 30. b3 Kg7 31. Re4 Rc8 32. Qe2 Rc7 33. f4 Re7 34. Rxe7
Qxe7 35. Qxe7 Bxe7 36. Kf3 f5 37. Be8 Kf6 38. Ke2 c4 39. bxc4 Bc5 1/2-1/2